| 000 | 00397nam a22001457a 4500 | ||
|---|---|---|---|
| 020 | _a9788120326 | ||
| 082 | _a621.381045 GUP | ||
| 100 | _aGupta, S.C. | ||
| 245 | _aOptoelectronic devices and systems | ||
| 260 |
_aNew Delhi, India _bPHI Learning _c2005 |
||
| 300 |
_axvi, 628 p. _bill. ; |
||
| 500 | _aIncludes indexes. | ||
| 650 | _a1. Optoelectronics. 2. Optoelectronic devices. | ||
| 942 | _cBK | ||
| 999 |
_c12451 _d12451 |
||